LEADER 01746nam a2200385 u 4500 001 000000015124 003 CaOOAMICUS 005 20070226105838.0 008 941010s1945 it af u000 u ita u 035 $a10355230 040 $aISV$bita$dDAI 100 1 $aHermanin, Federico,$d1868-1953.$0(OLS)http://pul/name/12553 245 12$aL'arte in Roma dal sec. VIII al XIV /$cFederico Hermanin. 260 $aBologna :$bCappelli,$c1945. 300 $a516 p., 192 p. of plates :$bill., facsims. ;$c24 cm 490 1 $aStoria di Roma ;$v[sic 23] 490 1 $aStoria di Roma ;$v27 500 $aAt head of title: Istituto nazionale di studi romani. 500 $aIncludes indexes. 504 $aBibliography: p. [411]-467. 650 4$aChiesa$zItalia$zRoma.$0(OLS)http://pul/subject/246 650 0$aArt, Medieval$zItaly$zRome.$2//eng$0(OLS)http://pul/subject/10557 650 0$aArchitecture, Medieval$zItaly$zRome.$2//eng$0(OLS)http://pul/subject/10558 650 0$aDecorative arts, Medieval$zItaly$zRome.$2//eng$0(OLS)http://pul/subject/10559 651 0$aRome (Italy)$xCivilization$y476-1420.$2//eng$0(OLS)http://pul/subject/10560 710 2 $aIstituto di studi romani.$0(OLS)http://pul/name/131 830 0$aStoria di Roma ;$v27.$0(OLS)http://pul/title/163 850 $aPUL 852 $aPUL$W1$xSL Filosofia 1$y2$m116 B 27$j21197$nBK-PRI$b $qStampati$B21197$CPULBib$Z2$F21197 $H $81 910 $aIstituto nazionale di studi romani$9131 910 $aIstituto nazionale di studi romani$9131 941 1 $a8 961 $aINV: 10934 996 $6245$aL'arte in Roma dal sec. VIII al XIV$9(OLS)http://pul/title/21703 996 $6260$aBologna :$bCappelli$9(OLS)http://pul/publisher/47917 LEADER 01926nam a2200361 u 4500 001 000000040765 003 CaOOAMICUS 005 20070226114135.0 008 980615s1997 be k u000 u eng u 020 $a90-6186-818-1 (Leuven University Press) 020 $a90-6831-936-1 (Uitgeverij Peeters) 020 $a2-87723-338-3 (Peeters France) 035 $a10798033 040 $aBAV$bita 245 00$aDeuteronomy and Deuteronomic literature :$bfestschrift C.H.W. Brekelmans /$ced. by M.Vervenne and J.Lust. 260 $aLeuven :$bLeuven University Press :$bUitgeverij Peeters,$c1997. 300 $axi, 637, [7] p. :$bprosp. ;$c25 cm 490 1 $aBibliotheca Ephemeridum theologicarum Lovaniensium ;$v133 600 14$aBrekelmans, Christianus Henricus Wilhelmus,$cM.S.F.,$d1922-1997$xAnniversari, ecc.$0(OLS)http://pul/subject/18393 630 04$aBiblia.$pV.T.$pDeuteronomium.$0(OLS)http://pul/subject/5233 700 1 $aVervenne, Marc.$0(OLS)http://pul/name/23834 700 1 $aBrekelmans, Christianus Henricus Wilhelmus,$cM.S.F.,$d1922-1997.$0(OLS)http://pul/name/6397 700 1 $aLust, Johan.$0(OLS)http://pul/name/1503 830 0$aBibliotheca Ephemeridum theologicarum Lovaniensium ;$v133.$0(OLS)http://pul/title/1445 850 $aPUL 852 $aPUL$W1$xSL Religione 1$y3$m17 A 133$j55358$nBK-PRI$b $qStampati$B55358$CPULBib$Z2$F55358 $H $81 941 1 $a8 961 $aINV: 87726 996 $6020$a90-6186-818-1 (Leuven University Press)$9(OLS)http://pul/number/50582 996 $6020$a90-6831-936-1 (Uitgeverij Peeters)$9(OLS)http://pul/number/50583 996 $6020$a2-87723-338-3 (Peeters France)$9(OLS)http://pul/number/50584 996 $6245$aDeuteronomy and Deuteronomic literature :$bfestschrift C.H.W. Brekelmans$9(OLS)http://pul/title/54966 996 $6260$aLeuven :$bLeuven University Press :$bUitgeverij Peeters$9(OLS)http://pul/publisher/49250